| 000 -LEADER | |
|---|---|
| fixed length control field | 00806nam a22002537a 4500 |
| 005 - DATE AND TIME OF LATEST TRANSACTION | |
| control field | 20250420134812.0 |
| 008 - FIXED-LENGTH DATA ELEMENTS--GENERAL INFORMATION | |
| fixed length control field | 200722b ||||| |||| 00| 0 eng d |
| 020 ## - INTERNATIONAL STANDARD BOOK NUMBER | |
| International Standard Book Number | 9783642696749 |
| 040 ## - CATALOGING SOURCE | |
| Transcribing agency | KCST |
| 082 ## - DEWEY DECIMAL CLASSIFICATION NUMBER | |
| Classification number | 004.0151 |
| 100 ## - MAIN ENTRY--PERSONAL NAME | |
| Personal name | Melhorn, Kurt |
| 9 (RLIN) | 4652 |
| 245 ## - TITLE STATEMENT | |
| Title | Data structures and algorithms 1 |
| Remainder of title | sorting and searching / |
| Statement of responsibility, etc. | Kurt Mehlhorn |
| 260 ## - PUBLICATION, DISTRIBUTION, ETC. | |
| Place of publication, distribution, etc. | Berlin, Heidelberg : |
| Name of publisher, distributor, etc. | Springer Berlin Heidelberg, |
| Date of publication, distribution, etc. | 1984. |
| 300 ## - PHYSICAL DESCRIPTION | |
| Extent | 335 p. |
| 440 ## - SERIES STATEMENT/ADDED ENTRY--TITLE | |
| Title | EATCS monographs on theoretical computer science. |
| Volume/sequential designation | 1. |
| International Standard Serial Number | 978364269749 |
| 9 (RLIN) | 4653 |
| 650 ## - SUBJECT ADDED ENTRY--TOPICAL TERM | |
| Topical term or geographic name entry element | Computer science. |
| 9 (RLIN) | 199 |
| 650 ## - SUBJECT ADDED ENTRY--TOPICAL TERM | |
| Topical term or geographic name entry element | Data structures (Computer science) |
| 9 (RLIN) | 363 |
| 650 ## - SUBJECT ADDED ENTRY--TOPICAL TERM | |
| Topical term or geographic name entry element | Computers. |
| 9 (RLIN) | 4654 |
| 700 ## - ADDED ENTRY--PERSONAL NAME | |
| Personal name | Brauer, W (ed.) |
| 9 (RLIN) | 4655 |
| 700 ## - ADDED ENTRY--PERSONAL NAME | |
| Personal name | Rozenberg, G. (ed.) |
| 9 (RLIN) | 4656 |
| 700 ## - ADDED ENTRY--PERSONAL NAME | |
| Personal name | Salomaa (ed.) |
| 9 (RLIN) | 4657 |
| 942 ## - ADDED ENTRY ELEMENTS (KOHA) | |
| Koha item type | Book |
| 942 ## - ADDED ENTRY ELEMENTS (KOHA) | |
| Source of classification or shelving scheme | Dewey Decimal Classification |
| Withdrawn status | Lost status | Source of classification or shelving scheme | Damaged status | Not for loan | Home library | Current library | Date acquired | Cost, normal purchase price | Total checkouts | Full call number | Barcode | Date last seen | Price effective from | Koha item type |
|---|---|---|---|---|---|---|---|---|---|---|---|---|---|---|
| Dewey Decimal Classification | KCST Library | KCST Library | 22/07/2020 | 24.62 | 004.0151 Me Da | 1000000399 | 22/07/2020 | 22/07/2020 | Book |